Právne nástroje boja proti korupcii
Salvato in:
| Autore principale: | |
|---|---|
| Altri autori: | |
| Natura: | Libro |
| Lingua: | slovacco |
| Pubblicazione: |
Bratislava
Róbert Vico - vydavateľstvo
2001
|
| Serie: | Protikorupčné nástroje
|
| Soggetti: | |
| Tags: |
Nessun Tag, puoi essere il primo ad aggiungerne!!
|
MARC
| LEADER | 00000nam$a2200000$$$4500 | ||
|---|---|---|---|
| 001 | 0009088 | ||
| 005 | 20240313133408.7 | ||
| 020 | |a 80-89041-10-8 | ||
| 041 | 0 | |a slo | |
| 044 | |a SK | ||
| 245 | 1 | 0 | |a Právne nástroje boja proti korupcii |c Denisa Ivanová, Ján Hrubala |
| 264 | 1 | |a Bratislava |b Róbert Vico - vydavateľstvo |c 2001 | |
| 300 | |a 29 s. | ||
| 490 | 1 | |a Protikorupčné nástroje | |
| 830 | 0 | |a Protikorupčné nástroje | |
| 610 | 2 | 0 | |a korupcia |
| 610 | 2 | 0 | |a kriminalita |
| 610 | 2 | 0 | |a zmluvy medzinárodné |
| 610 | 2 | 0 | |a spolupráca medzinárodná |
| 610 | 2 | 0 | |a právo trestné |
| 610 | 2 | 0 | |a Slovensko |
| 610 | 2 | 0 | |a Európa |
| 100 | 1 | |a Ivanová, Denisa | |
| 700 | 1 | |a Hrubala, Ján | |